King and his constitution: some observations on the constitution of the Kingdom of Nepal, and a brief commentary, with text (Record no. 366665)

000 -LEADER
fixed length control field 00494cam a22001337a 4500
008 - FIXED-LENGTH DATA ELEMENTS--GENERAL INFORMATION
fixed length control field 180718b1959 xxu||||| |||| 00| 0 eng d
082 ## - DEWEY DECIMAL CLASSIFICATION NUMBER
Classification number C4x5415 G748
100 ## - MAIN ENTRY--PERSONAL NAME
Personal name Goyal, Narendra
245 ## - TITLE STATEMENT
Title King and his constitution: some observations on the constitution of the Kingdom of Nepal, and a brief commentary, with text
Statement of responsibility, etc. by Narendra Goyal
260 ## - PUBLICATION, DISTRIBUTION, ETC.
Place of publication, distribution, etc. New Delhi
Name of publisher, distributor, etc. Nepal Trading Corporation
Date of publication, distribution, etc. 1959
300 ## - PHYSICAL DESCRIPTION
Extent 140p.
650 ## - SUBJECT ADDED ENTRY--TOPICAL TERM
Topical term or geographic name entry element Constitutional law --Nepal
650 ## - SUBJECT ADDED ENTRY--TOPICAL TERM
Topical term or geographic name entry element Nepal. Samvidhana (1948)
Holdings
Withdrawn status Lost status Damaged status Not for loan Permanent Location Current Location Date acquired Full call number Barcode Date last seen Price effective from Koha item type
        Indian Institute of Public Administration Indian Institute of Public Administration 1994-05-05 C4x5415 G748 17925 2018-07-21 2018-07-21 Book

Powered by Koha